000 00966nas a2200253 a 4500
003 INTEC
005 20250611115129.0
007 ta
008 171116e2016 dr a||p|r||||||0| | spa d
040 _aDO-SdINT
_bspa
_erda
_cDO-SdINT
_dDO-SdBNP
041 _aspa
044 _adr
_cDO
110 _939540
_aRepública Dominicana. Tribunal Constitucional
245 _aMemoria 2016 /
_cRepública Dominicana. Tribunal Constitucional de la República Dominicana
264 1 _aSanto Domingo, República Dominicana :
_bTribunal Constitucional de la República Dominicana,
_c2016.
300 _avolumen :
_bilustraciones, fotografías, gráficas, tablas ;
_c28 centímetros.
_e+1 CD
310 _aAnual.
336 _atexto
_btxt
_2rdacontent
337 _asin mediación
_bn
_2rdamedia
338 _avolumen
_bnc
_2rdacarrier
362 _aAño 2016.
650 7 _938742
_aTribunales constitucionales
_zRepública Dominicana
_vPublicaciones periódicas
942 _2ddc
_cISSUE
999 _c58829
_d58829